Interkulturelle aspekte des fachbezogenen deutschunterrichts

Salvato in:
Dettagli Bibliografici
Autore principale: Dzuriková, Eleonóra
Natura: Capitolo di libro
Lingua:tedesco
Tags: Aggiungi Tag
Nessun Tag, puoi essere il primo ad aggiungerne!!

MARC

LEADER 00000naa$a2200000$$$4500
001 0060309
005 20240502071651.2
041 0 |a ger 
044 |a SK 
245 1 0 |a Interkulturelle aspekte des fachbezogenen deutschunterrichts  |c Eleonóra Dzuriková 
100 1 |a Dzuriková, Eleonóra